Maiden nimien etymologiaa #3 - Statistics

Yleistilastot
  • Tätä visaa on pelattu 74 kertaa
  • Keskiarvotulos 9 / 21
Vastaustilastot
Vihje Valtio % Oikein
Nimi muistuttaa jäästä Islanti
88%
Nimetty Sambesi-joen mukaan Sambia
85%
Sekä valtion että pääkaupungin nimi viittaa Pyhään Dominicukseen Dominikaaninen tasavalta
73%
"Bengalin maa" Bangladesh
66%
Yhden selityksen mukaan nimi viittaa Pyhään Yrjöön Georgia
66%
"Slaavien maa", valtio 1 aakkosjärjestyksessä Slovakia
63%
"Slaavien maa", valtio 2 aakkosjärjestyksessä Slovenia
61%
"Kolminaisuus" ja "tupakka" Trinidad ja Tobago
56%
Yhden selityksen mukaan nimi on peräisin wolofinkielisistä sanoista sunuu gaal "meidän kanoottimme" Senegal
54%
"Pyhä Tuomas" ja "ruhtinas" portugaliksi São Tomé ja Príncipe
41%
Nimen varhainen muoto nuolenpääkirjoituksessa on Aššur Syyria
37%
Nimetty Pyhän Marinuksen mukaan San Marino
34%
Alkuperäisasukkaat taínot kutsuvat maata nimellä Xaymaca Jamaika
32%
Maan nimi suomeksi on samaa juurta kuin maan muinaisen kielen nimi kopti Egypti
29%
Nimi viittaa sunnuntaihin (jonka latinankielinen nimi tarkoittaa "Herran päivää") Dominica
27%
Arabiaksi al-Jazāʿir "saaret" Algeria
19%
Luultavasti käännös latinankielisestä nimestä Marchia orientalis Itävalta
19%
"Vihreä niemi" Kap Verde
17%
Kansanetymologian mukaan nimi viittaa kreikan sanaan "yksinäinen" (samaan sanaan, josta on peräisin myös sana "munkki"). Monaco
14%
Nimi on samaa juurta kuin arabian ʿaswad "musta" Sudan
12%
Yhden selityksen mukaan nimi viittaa kupariin Kypros
10%
Ehtoja vastaavia visoja ei löytynyt
Tulosjakauma
Jokaisen tuloksen saaneiden osuus
Persentiili vastausten määrän mukaan
Tuloshistoriasi
Et ole pelannut tätä visaa